| 000 | 00752cam a22002531 4500 | ||
|---|---|---|---|
| 001 | 000014739 | ||
| 005 | 20260313093410.0 | ||
| 008 | 770406s1966 sp b 000 0 spa | ||
| 010 | _a67044030 | ||
| 035 | _a(OCoLC)2864810 | ||
| 040 |
_aDO-SdBNP _cDGU _dDLC |
||
| 042 | _apremarc | ||
| 082 |
_a320.01 _bS211p |
||
| 100 | 2 |
_aSánchez Agesta, Luis. _933424 |
|
| 245 | 1 | 0 | _aPrincipios de teoría política. |
| 260 |
_aMadrid, : _bNacional, _c1966. |
||
| 300 |
_axxii, 512 p. ; _c25 cm. |
||
| 490 | 0 | _aMundo científico. Serie jurídica | |
| 500 | _aFirst published in 1943-45 under title: Lecciones de derecho politico. | ||
| 504 | _aIncludes bibliographies. | ||
| 650 | 0 |
_aEstado _9726 |
|
| 650 | 0 |
_aCiencias políticas _92426 |
|
| 049 | _aBNGR | ||
| 999 |
_c14322 _d14322 |
||